[Event "Autunno Scacchistico Magistrale"]
[Site "Venezia ITA"]
[Date "2006.11.05"]
[Round "4"]
[White "Vianello, Enrico"]
[Black "Genocchio, Daniele"]
[Result "1/2-1/2"]
[WhiteElo "2164"]
[BlackElo "2338"]
[PlyCount "144"]
[EventDate "2006.11.03"]

1. d4 g6 2. Nf3 Bg7 3. c3 d6 4. Bg5 h6 5. Bh4 f5 6. e3 Nf6 7. Bc4 g5 8. Bg3 e6
9. Nbd2 Nc6 10. h4 Nh5 11. Nf1 g4 12. N3d2 Qe7 13. f3 Nxg3 14. Nxg3 h5 15. Ne2
e5 16. d5 Nb8 17. f4 Nd7 18. Qc2 Nb6 19. Bb3 a5 20. a4 exf4 21. exf4 Kd8 22. g3
Bd7 23. Rh2 Kc8 24. O-O-O Qe8 25. Nc4 Nxa4 26. Bxa4 Bxa4 27. Qxf5+ Kb8 28. Rd2
b5 29. Na3 b4 30. Nc2 Qb5 31. Ned4 Bxd4 32. Rxd4 Ka7 33. cxb4 Rab8 34. Qd3 Qxd3
35. Rxd3 axb4 36. b3 Bd7 37. Rd4 Rhe8 38. Kd2 Rb5 39. Re2 Kb6 40. Rxe8 Bxe8 41.
f5 Kc5 42. Ke3 Rb8 43. Kf4 Bb5 44. Kg5 Re8 45. f6 Rg8+ 46. Kxh5 Be8+ 47. Kh6
Rg6+ 48. Kh7 Rxf6 49. Rxg4 Kxd5 50. Nxb4+ Ke6 51. Re4+ Kf7 52. Nd5 Rf5 53. Rf4
Rxf4 54. Nxf4 Bd7 55. Kh6 c5 56. Kg5 Kg7 57. Nd3 Be6 58. Nc1 d5 59. Kf4 Kf6 60.
g4 d4 61. Nd3 Bxb3 62. Nxc5 Bc2 63. Ne4+ Kg6 64. Nf2 Bb3 65. Ke4 Be6 66. Kf4
Kh6 67. Nd3 Bd5 68. Kf5 Bb3 69. h5 Bc2 70. Ke4 Kg5 71. Kxd4 Bd1 72. Nf2 Bxg4
1/2-1/2

[Event "Autunno Scacchistico Magistrale"]
[Site "Venezia ITA"]
[Date "2006.11.05"]
[Round "4"]
[White "Xia, Jie"]
[Black "Molina, Fabrizio"]
[Result "1-0"]
[WhiteElo "2153"]
[BlackElo "2276"]
[PlyCount "73"]
[EventDate "2006.11.03"]

1. e4 e6 2. d4 d5 3. e5 c5 4. c3 Nc6 5. Nf3 Bd7 6. dxc5 Bxc5 7. Bd3 Nge7 8. h4
Ng6 9. Qe2 Qc7 10. Bxg6 hxg6 11. Nbd2 a6 12. Nb3 Ba7 13. O-O Rc8 14. Bg5 Na5
15. Nbd4 Qc4 16. Qe1 Bxd4 17. cxd4 Qb5 18. Rc1 Rxc1 19. Qxc1 O-O 20. h5 gxh5
21. Bf6 gxf6 22. exf6 Qd3 23. Ne5 Qf5 24. Nxd7 Rd8 25. Qc7 Nc6 26. Re1 Rxd7 27.
Qxd7 Qxf6 28. Qxb7 Nxd4 29. Qxa6 h4 30. b4 Qg6 31. Qc8+ Kh7 32. Qc3 Qg4 33.
Qd3+ Kg8 34. b5 Nf5 35. b6 Nd6 36. Rb1 Qf4 37. b7 1-0

[Event "Autunno Scacchistico Magistrale"]
[Site "Venezia ITA"]
[Date "2006.11.05"]
[Round "4"]
[White "Zanin, Dario"]
[Black "Massironi, Marco"]
[Result "0-1"]
[WhiteElo "2059"]
[BlackElo "2193"]
[PlyCount "102"]
[EventDate "2006.11.03"]

1. e4 c5 2. Nf3 d6 3. d4 cxd4 4. Nxd4 Nf6 5. Nc3 a6 6. Be2 e5 7. Nb3 Be6 8. O-O
Nbd7 9. f4 exf4 10. Bxf4 Ne5 11. Kh1 Be7 12. Nd4 O-O 13. Nxe6 fxe6 14. Bxe5
dxe5 15. Qxd8 Raxd8 16. Bc4 Kf7 17. Rad1 Bc5 18. Rxd8 Rxd8 19. Bd3 Ke7 20. g3
Ng4 21. Nd1 g5 22. h3 Nf6 23. Kg2 h5 24. Nc3 Rg8 25. Nb1 h4 26. g4 Bd4 27. Nd2
Be3 28. Nc4 Bf4 29. Na5 b6 30. Nb3 a5 31. Nc1 Rd8 32. Ne2 Nd7 33. Nc3 Nc5 34.
Rd1 Be3 35. Be2 Bd4 36. Bd3 Rf8 37. Rf1 Rxf1 38. Kxf1 Bxc3 39. bxc3 Na4 40. c4
Kd6 41. Ke1 Kc5 42. a3 Kd4 43. Kd2 Nc3 44. Ke1 Nxe4 45. Bxe4 Kxe4 46. Ke2 Kd4
47. c3+ Kxc3 48. Ke3 Kxc4 49. Ke4 b5 50. Kxe5 b4 51. axb4 axb4 0-1

[Event "Autunno Scacchistico Magistrale"]
[Site "Venezia ITA"]
[Date "2006.11.05"]
[Round "4"]
[White "Zarpellon, Daniel"]
[Black "Redo, Giorgio"]
[Result "0-1"]
[WhiteElo "1995"]
[BlackElo "2048"]
[PlyCount "62"]
[EventDate "2006.11.03"]

1. d4 c5 2. e3 e6 3. Nf3 d5 4. Nbd2 Nf6 5. a3 Nbd7 6. b3 cxd4 7. exd4 b6 8. Bb2
Bb7 9. Bd3 Bd6 10. O-O Qc7 11. Qe2 Rc8 12. Rac1 Bf4 13. g3 Bh6 14. Nh4 Ne4 15.
f4 f5 16. Nhf3 O-O 17. Nb1 Ndf6 18. Ne5 g5 19. a4 gxf4 20. gxf4 Kh8 21. Kh1 Rg8
22. Rce1 Ng4 23. Bxe4 dxe4 24. d5 Bg7 25. Qxg4 fxg4 26. d6 e3+ 27. Kg1 Qd7 28.
Nxd7 Rxc2 29. Ne5 Rg2+ 30. Kh1 Rxb2+ 31. Kg1 Bxe5 0-1

[Event "Autunno Scacchistico Magistrale"]
[Site "Venezia ITA"]
[Date "2006.11.05"]
[Round "5"]
[White "Barletta, Mauro"]
[Black "Xia, Jie"]
[Result "1-0"]
[WhiteElo "2244"]
[BlackElo "2153"]
[PlyCount "93"]
[EventDate "2006.11.03"]

1. c4 Nf6 2. Nc3 g6 3. e4 d6 4. g3 Bg7 5. Bg2 O-O 6. Nge2 e5 7. O-O Be6 8. d3
Qd7 9. Rb1 c6 10. b3 Bh3 11. d4 Bxg2 12. Kxg2 Re8 13. f3 Qc7 14. Be3 Nbd7 15.
Qd2 a6 16. Rbc1 Qa5 17. Rfd1 b5 18. Nd5 Qxd2 19. Nxf6+ Nxf6 20. Rxd2 exd4 21.
Bxd4 Bh6 22. Nf4 Nd7 23. Be3 Ne5 24. Rxd6 bxc4 25. bxc4 Rab8 26. Rc2 Bf8 27.
Rd1 Rb4 28. c5 Nc4 29. Bf2 Reb8 30. Nd3 Ra4 31. Rdc1 Na3 32. Rb2 Nb5 33. Rcc2
Bg7 34. Rb3 a5 35. e5 Rd8 36. f4 Rd5 37. Kf3 Kf8 38. Ke2 f6 39. Rxb5 cxb5 40.
c6 Rd8 41. Nc5 Rc4 42. Rxc4 bxc4 43. Ne6+ Ke7 44. Nxd8 Kxd8 45. Bb6+ Ke7 46. c7
Kd7 47. e6+ 1-0

[Event "Autunno Scacchistico Magistrale"]
[Site "Venezia ITA"]
[Date "2006.11.05"]
[Round "5"]
[White "Bonafede, Alessandro"]
[Black "Del Monaco, Andrea"]
[Result "1-0"]
[WhiteElo "2205"]
[BlackElo "2248"]
[PlyCount "191"]
[EventDate "2006.11.03"]

1. e4 c5 2. Nf3 Nc6 3. d4 cxd4 4. Nxd4 Qc7 5. Nc3 e6 6. Be3 a6 7. Bd3 Nf6 8.
O-O b5 9. Nxc6 Qxc6 10. f3 Bc5 11. Qe1 b4 12. Nd5 Nxd5 13. exd5 Qb6 14. Bxc5
Qxc5+ 15. Qf2 Qxf2+ 16. Kxf2 Bb7 17. dxe6 dxe6 18. a3 a5 19. axb4 axb4 20.
Rxa8+ Bxa8 21. Ra1 Ke7 22. Ra7+ Kf6 23. Ke3 Rc8 24. Ra5 Rb8 25. Kd4 Bc6 26. Kc5
Be8 27. b3 h6 28. Ra1 Ke7 29. g4 g6 30. h4 Bd7 31. Ra7 g5 32. hxg5 hxg5 33. Be4
Kd8 34. Bc6 Bxc6 35. Kxc6 Rc8+ 36. Kd6 Ke8 37. Rb7 Kf8 38. Rxb4 Rxc2 39. Rc4
Rb2 40. Rc3 Kg7 41. Kc5 f5 42. b4 Kf6 43. b5 e5 44. gxf5 Kxf5 45. Rc4 Rb3 46.
b6 e4 47. Rxe4 Rxf3 48. b7 Kxe4 49. b8=Q Rf5+ 50. Kc4 Rf4 51. Qe8+ Kf3+ 52. Kd5
Kg4 53. Qg6 Ra4 54. Qe6+ Kh4 55. Qe1+ Kh3 56. Ke5 Rf4 57. Qg1 Kh4 58. Qg2 Kh5
59. Qg3 Kg6 60. Qh3 Rf2 61. Qd3+ Kh6 62. Qh3+ Kg6 63. Qe6+ Kh5 64. Qe8+ Kh6 65.
Qh8+ Kg6 66. Qg8+ Kh6 67. Qe6+ Kh5 68. Qb6 Rf8 69. Qd6 Rf1 70. Ke6 Rf4 71. Qd1+
Kg6 72. Qh1 Rb4 73. Ke7 Rf4 74. Ke8 Rf6 75. Qe4+ Kh6 76. Ke7 Rf4 77. Qc2 Kg7
78. Ke6 Rf6+ 79. Ke5 Rf4 80. Qc6 Rf7 81. Qg2 Kg6 82. Qh3 Re7+ 83. Kd6 Rf7 84.
Qh8 Rf4 85. Ke5 Rf5+ 86. Ke6 Rf4 87. Qe8+ Kh6 88. Qg8 Re4+ 89. Kd5 Rf4 90. Ke5
Rh4 91. Qe6+ Kh5 92. Kf6 Rb4 93. Qe8+ Kg4 94. Qe2+ Kh3 95. Kxg5 Rb8 96. Qf3+
1-0

[Event "Autunno Scacchistico Magistrale"]
[Site "Venezia ITA"]
[Date "2006.11.05"]
[Round "5"]
[White "Di Lascio, Savino"]
[Black "Zoldan, Matteo"]
[Result "0-1"]
[WhiteElo "2030"]
[BlackElo "2103"]
[PlyCount "120"]
[EventDate "2006.11.03"]

1. Nf3 d6 2. g3 g6 3. Bg2 Bg7 4. O-O e5 5. d3 Ne7 6. e4 O-O 7. Nc3 h6 8. Qe2
Nbc6 9. Be3 f5 10. Qd2 Kh7 11. Nh4 f4 12. gxf4 exf4 13. Bxf4 g5 14. Bxg5 hxg5
15. Qxg5 Bh6 16. Qh5 Ne5 17. h3 N7g6 18. Nxg6 Nxg6 19. e5 Rf5 20. Qe2 Rxe5 21.
Be4 Bxh3 22. f4 Bxf4 23. Rf3 Rg5+ 24. Kh1 Bg2+ 25. Qxg2 Rxg2 26. Kxg2 Qg5+ 27.
Kf2 Qh4+ 28. Ke2 Rg8 29. Raf1 Bh6 30. Nd5 Kh8 31. Rf7 Rg7 32. R7f6 Qg4+ 33. Ke1
Qg3+ 34. Ke2 Qg4+ 35. Ke1 Bg5 36. Rh1+ Bh4+ 37. Kd2 Qg5+ 38. Kc3 Kg8 39. Rf5
Qg3 40. Rhf1 c6 41. Nf6+ Bxf6+ 42. Rxf6 d5 43. Bh1 a5 44. a4 Qe5+ 45. Kb3 Qd4
46. Bg2 Qb4+ 47. Ka2 Qxa4+ 48. Kb1 Qh4 49. R6f3 Re7 50. Ka2 Qa4+ 51. Kb1 Qh4
52. Ka2 Re1 53. Rxe1 Qxe1 54. Bh3 Kg7 55. Bc8 b5 56. d4 Qe4 57. Rd3 Nf4 58.
Rg3+ Kf6 59. c3 Nd3 60. Bd7 Qe2 0-1

[Event "Autunno Scacchistico Magistrale"]
[Site "Venezia ITA"]
[Date "2006.11.05"]
[Round "5"]
[White "Dvirnyy, Danyyil"]
[Black "Coratella, Giuseppe"]
[Result "1-0"]
[WhiteElo "2323"]
[BlackElo "2224"]
[PlyCount "31"]
[EventDate "2006.11.03"]

1. e4 e6 2. d4 d5 3. Nc3 Nf6 4. Bg5 Be7 5. e5 Nfd7 6. Bxe7 Qxe7 7. f4 a6 8. Nf3
c5 9. Bd3 Nc6 10. dxc5 Qxc5 11. Qd2 b5 12. O-O-O O-O 13. Rhe1 Nb6 14. Bxh7+
Kxh7 15. Ng5+ Kg8 16. Qd3 1-0

[Event "Autunno Scacchistico Magistrale"]
[Site "Venezia ITA"]
[Date "2006.11.05"]
[Round "5"]
[White "Efimov, Igor"]
[Black "Cristiani, Cesare"]
[Result "1-0"]
[WhiteElo "2412"]
[BlackElo "2163"]
[PlyCount "65"]
[EventDate "2006.11.03"]

1. e4 e6 2. d4 d5 3. Nc3 dxe4 4. Nxe4 Nd7 5. Nf3 Ngf6 6. Bd3 c5 7. O-O Nxe4 8.
Bxe4 Nf6 9. Bd3 cxd4 10. Nxd4 Be7 11. Re1 O-O 12. c3 a6 13. Qf3 Qd5 14. Bf4
Qxf3 15. Nxf3 b5 16. Nd4 Bb7 17. Rad1 Rfd8 18. a3 h6 19. Bc2 Bd6 20. Nxe6 fxe6
21. Bxd6 Bd5 22. Be5 Kf7 23. f3 Rd7 24. Kf2 Rad8 25. Rd4 Bc4 26. Red1 Rxd4 27.
Rxd4 Rd5 28. Rxd5 Bxd5 29. Ke3 Nd7 30. Kd4 g5 31. Bc7 g4 32. fxg4 Bxg2 33. h4
1-0

[Event "Autunno Scacchistico Magistrale"]
[Site "Venezia ITA"]
[Date "2006.11.05"]
[Round "5"]
[White "Fattorelli, Luciano"]
[Black "Velluti, Alberto"]
[Result "1/2-1/2"]
[WhiteElo "2059"]
[BlackElo "2007"]
[PlyCount "132"]
[EventDate "2006.11.03"]

1. e4 c5 2. Nc3 Nc6 3. g3 g6 4. Bg2 Bg7 5. d3 e6 6. Be3 d6 7. Qd2 Nf6 8. h3 a6
9. Nge2 e5 10. O-O Nd4 11. f4 O-O 12. Rf2 b5 13. Raf1 b4 14. Nd1 Nh5 15. Kh2
Nxe2 16. Qxe2 exf4 17. gxf4 Qh4 18. Rf3 Bg4 19. Qf2 Qxf2 20. R3xf2 Bxd1 21.
Rxd1 Rad8 22. d4 c4 23. Bf3 Nf6 24. d5 Rfe8 25. Bb6 Rd7 26. Re2 Rde7 27. Rde1
Rb7 28. Bf2 Nd7 29. e5 dxe5 30. d6 Rbb8 31. Bc6 Rbd8 32. Bxd7 Rxd7 33. fxe5 f6
34. e6 Rxd6 35. Bc5 Rd5 36. Bxb4 f5 37. b3 c3 38. a4 a5 39. Ba3 Rd2 40. Kg3 Bf6
41. Bc1 Rxe2 42. Rxe2 Be7 43. Bf4 Kg7 44. Be5+ Bf6 45. Bf4 g5 46. Bd6 Kg6 47.
Bc7 Bd8 48. Bb8 f4+ 49. Kf3 Kf5 50. Re5+ Kf6 51. Rc5 Rxe6 52. Rxc3 Bb6 53. Rd3
h5 54. h4 Re3+ 55. Rxe3 fxe3 56. hxg5+ Kxg5 57. Bd6 h4 58. c4 h3 59. Kg3 e2 60.
Bf4+ Kf5 61. Bd2 Ke4 62. c5 Bc7+ 63. Kxh3 Kd3 64. Be1 Kc2 65. b4 axb4 66. Bxb4
Kb3 1/2-1/2

[Event "Autunno Scacchistico Magistrale"]
[Site "Venezia ITA"]
[Date "2006.11.05"]
[Round "5"]
[White "Giuriati, Paolo"]
[Black "Faccia, Sergio"]
[Result "1-0"]
[WhiteElo "2209"]
[BlackElo "2023"]
[PlyCount "83"]
[EventDate "2006.11.03"]

1. Nf3 Nf6 2. d4 g6 3. Bf4 Bg7 4. e3 O-O 5. Be2 d5 6. O-O Bg4 7. h3 Bxf3 8.
Bxf3 c6 9. c3 Nbd7 10. Nd2 Re8 11. Qc2 e5 12. Bg3 e4 13. Be2 Nb6 14. b3 Qd7 15.
c4 h5 16. c5 Nc8 17. b4 a6 18. a4 Ne7 19. b5 Nf5 20. Bf4 h4 21. bxa6 bxa6 22.
Rfb1 Bh6 23. Bxh6 Nxh6 24. Rb6 g5 25. Rxa6 g4 26. Rxa8 Rxa8 27. hxg4 Nhxg4 28.
Nf1 Kg7 29. Nh2 h3 30. gxh3 Nh6 31. Bf1 Rg8 32. Bg2 Kh7 33. Kh1 Qf5 34. Rg1 Qg6
35. a5 Nf5 36. a6 Kh8 37. Qd1 Nh5 38. Ng4 Nh4 39. a7 f5 40. Ne5 Qh7 41. Bxe4
Ra8 42. Rg4 1-0

[Event "Autunno Scacchistico Magistrale"]
[Site "Venezia ITA"]
[Date "2006.11.05"]
[Round "5"]
[White "Laketic, Gojko"]
[Black "Dragojlovic, Andjelko"]
[Result "0-1"]
[WhiteElo "2441"]
[BlackElo "2383"]
[PlyCount "27"]
[EventDate "2006.11.03"]

1. e4 c5 2. Nf3 g6 3. c3 Bg7 4. d4 cxd4 5. cxd4 d5 6. e5 Bg4 7. Nbd2 Nc6 8. h3
Bxf3 9. Nxf3 f6 10. Qb3 fxe5 11. dxe5 Qd7 12. Bf4 e6 13. h4 h6 14. Bd3 0-1

[Event "Autunno Scacchistico Magistrale"]
[Site "Venezia ITA"]
[Date "2006.11.05"]
[Round "5"]
[White "Molina, Fabrizio"]
[Black "Pastres, Roberto"]
[Result "1/2-1/2"]
[WhiteElo "2276"]
[BlackElo "2104"]
[PlyCount "72"]
[EventDate "2006.11.03"]

1. c4 Nf6 2. g3 Nc6 3. Bg2 e5 4. Nc3 g6 5. d3 Bg7 6. e4 d6 7. Nge2 Be6 8. O-O
Qd7 9. Nd5 O-O 10. Rb1 a5 11. Bg5 Ne8 12. Qd2 f6 13. Be3 Nd8 14. f4 Nf7 15. f5
Bxd5 16. cxd5 c6 17. Nc3 Nc7 18. Na4 Ra6 19. Nb6 Qe8 20. fxg6 hxg6 21. Bh3 cxd5
22. Nd7 d4 23. Bf2 Ng5 24. Bg4 Rf7 25. h4 Nge6 26. h5 Rxd7 27. hxg6 Qxg6 28.
Bf5 Qe8 29. Rbc1 Ng5 30. Qe2 Nce6 31. Qg4 Re7 32. Be1 Rc6 33. Bxa5 b6 34. Bd2
Rec7 35. Bxg5 Nxg5 36. Bd7 Qxd7 1/2-1/2

[Event "Autunno Scacchistico Magistrale"]
[Site "Venezia ITA"]
[Date "2006.11.05"]
[Round "5"]
[White "Novelli, Cristiano"]
[Black "Allegranti, Luca"]
[Result "1/2-1/2"]
[WhiteElo "2117"]
[BlackElo "2023"]
[PlyCount "53"]
[EventDate "2006.11.03"]

1. e4 e6 2. d4 d5 3. Nc3 Nf6 4. exd5 exd5 5. Bd3 Nc6 6. Nge2 Bg4 7. f3 Bh5 8.
Bg5 Be7 9. Qd2 Qd7 10. O-O-O O-O-O 11. Nf4 Bg6 12. h4 Bxd3 13. Qxd3 h6 14. Bxf6
Bxf6 15. Ncxd5 Bxd4 16. Qc4 Kb8 17. c3 Be5 18. Rhe1 Qf5 19. Nd3 Bd6 20. Ne3 Qg6
21. Nc5 Bxc5 22. Qxc5 Rhe8 23. Rxd8+ Rxd8 24. Rd1 Rxd1+ 25. Nxd1 a6 26. Qf8+
Ka7 27. Qc5+ 1/2-1/2

[Event "Autunno Scacchistico Magistrale"]
[Site "Venezia ITA"]
[Date "2006.11.05"]
[Round "5"]
[White "Omeri, Silvan"]
[Black "Cereda, Loris"]
[Result "0-1"]
[WhiteElo "2103"]
[BlackElo "2056"]
[PlyCount "116"]
[EventDate "2006.11.03"]

1. e4 e5 2. Nf3 Nc6 3. Bb5 a6 4. Bxc6 dxc6 5. O-O Bg4 6. h3 h5 7. d3 Qf6 8. Be3
Bxf3 9. Qxf3 Qxf3 10. gxf3 Bd6 11. Nc3 Ne7 12. Kh1 f6 13. Rg1 Kf7 14. Rg2 g5
15. h4 gxh4 16. Rag1 Rag8 17. Rxg8 Rxg8 18. Rxg8 Kxg8 19. Kg2 Ng6 20. Ne2 c5
21. c4 Kf7 22. Nc3 Ke6 23. Nd5 c6 24. Nc3 b6 25. Kh3 Bc7 26. Bh6 Bd8 27. Nd1 f5
28. Ne3 f4 29. Nf5 Bf6 30. Bg7 Bg5 31. b3 Kf7 32. a3 Ke6 33. Bh6 Bf6 34. a4 Kf7
35. Nd6+ Kg8 36. Ne8 Be7 37. Ng7 Kh7 38. Nf5 Bf6 39. Kg2 Kg8 40. Nd6 Kh7 41.
Ne8 Be7 42. Bg7 Kg8 43. Bf6 Kf7 44. Bxe7 Nxe7 45. Nc7 a5 46. Kh3 Ng6 47. Na8
Ke7 48. Nxb6 Kd8 49. b4 axb4 50. a5 Kc7 51. Na4 b3 52. Kg2 Kb8 53. Kh3 Ka7 54.
a6 Kxa6 55. Nxc5+ Ka5 56. Nxb3+ Kb4 57. Nc1 Kc3 58. Na2+ Kb3 0-1

[Event "Autunno Scacchistico Magistrale"]
[Site "Venezia ITA"]
[Date "2006.11.05"]
[Round "5"]
[White "Pechy, Alaster"]
[Black "Lavric, Mihail"]
[Result "1-0"]
[WhiteElo "2176"]
[BlackElo "2012"]
[PlyCount "95"]
[EventDate "2006.11.03"]

1. Nf3 Nf6 2. g3 g6 3. Bg2 Bg7 4. O-O O-O 5. d4 d5 6. c4 c6 7. Nc3 Nbd7 8. cxd5
cxd5 9. Qb3 Nb6 10. Ne5 Be6 11. a4 Rb8 12. a5 Nc4 13. Nxc4 dxc4 14. Qd1 Nh5 15.
d5 Bd7 16. Bf3 Bh3 17. Re1 b5 18. axb6 axb6 19. e4 Qc8 20. e5 b5 21. g4 b4 22.
Na4 Kh8 23. gxh5 gxh5 24. Kh1 Qf5 25. Qe2 Bg4 26. Bxg4 hxg4 27. Kg1 Rg8 28. Qe4
Qh5 29. Bf4 Rgc8 30. Rac1 c3 31. bxc3 b3 32. Nb2 Ra8 33. c4 Ra2 34. Rb1 f5 35.
Qe3 Rb8 36. e6 Rba8 37. Be5 Rg8 38. c5 Qh3 39. Qxh3 gxh3 40. Kf1 Bxe5 41. Rxe5
Rg2 42. Rxf5 Ra8 43. d6 Rag8 44. Ke2 exd6 45. cxd6 R2g6 46. Re5 Rc8 47. Rd1
Rc2+ 48. Rd2 1-0

[Event "Autunno Scacchistico Magistrale"]
[Site "Venezia ITA"]
[Date "2006.11.05"]
[Round "5"]
[White "Pfeifer, Andreas"]
[Black "Mileto, Gabriele"]
[Result "1/2-1/2"]
[WhiteElo "2130"]
[BlackElo "2189"]
[PlyCount "154"]
[EventDate "2006.11.03"]

1. e4 e6 2. d4 d5 3. Nd2 Nf6 4. Bd3 c5 5. e5 Nfd7 6. c3 Nc6 7. Ne2 cxd4 8. cxd4
Qb6 9. Nf3 f6 10. exf6 Nxf6 11. O-O Bd6 12. b3 O-O 13. Bf4 Bxf4 14. Nxf4 Nxd4
15. Nxd4 e5 16. Nfe2 exd4 17. Nxd4 Bg4 18. Be2 Bxe2 19. Nxe2 Rad8 20. Qd4 Qxd4
21. Nxd4 Rfe8 22. Rad1 a6 23. f3 g6 24. Kf2 Kf7 25. Rd2 Rd7 26. Rfd1 Re5 27. g4
Ke7 28. Rc1 Kf7 29. h4 Re8 30. Rc5 Ree7 31. Rdc2 Re5 32. Rd2 Ree7 33. Rc1 Re5
34. Rcd1 Rc7 35. Ne2 h6 36. Nf4 g5 37. Nd3 Re8 38. h5 Rc3 39. Re1 Rxe1 40. Nxe1
Ke6 41. Re2+ Kd6 42. Nc2 Nd7 43. Nd4 Ne5 44. Nf5+ Ke6 45. Nd4+ Kf6 46. Rd2 Rd3
47. Ke2 Rc3 48. Rd1 Nf7 49. Kd2 Rc8 50. Re1 Ne5 51. Re3 Rd8 52. Rc3 Rd7 53. Rc8
Nf7 54. Re8 Re7 55. Rxe7 Kxe7 56. Ke3 Kd6 57. Ke2 Kc5 58. Kd3 Ne5+ 59. Kc3 a5
60. a3 Nf7 61. Nf5 d4+ 62. Nxd4 Kd5 63. Kd3 Nd6 64. Ne2 b5 65. Nc3+ Ke5 66. Ke3
a4 67. bxa4 bxa4 68. Nxa4 Nc4+ 69. Ke2 Nxa3 70. Nc5 Nc4 71. Nd3+ Kd4 72. f4
gxf4 73. Nxf4 Ne5 74. g5 hxg5 75. Ne6+ Ke4 76. Nxg5+ Kf5 77. Nh3 Kg4 1/2-1/2

[Event "Autunno Scacchistico Magistrale"]
[Site "Venezia ITA"]
[Date "2006.11.05"]
[Round "5"]
[White "Redo, Giorgio"]
[Black "Vianello, Enrico"]
[Result "1-0"]
[WhiteElo "2048"]
[BlackElo "2164"]
[PlyCount "57"]
[EventDate "2006.11.03"]

1. f4 c5 2. Nf3 Nc6 3. e3 Nf6 4. b3 e6 5. Bb2 Be7 6. Bb5 Qc7 7. Bxc6 Qxc6 8.
O-O d6 9. d3 O-O 10. Nbd2 b5 11. a4 a6 12. axb5 axb5 13. Rxa8 Qxa8 14. e4 Bb7
15. Qe2 Qa2 16. Rb1 c4 17. bxc4 Rc8 18. Qe1 Ba8 19. Qc1 Qa5 20. cxb5 d5 21.
Bxf6 Bxf6 22. e5 Be7 23. Qb2 Qb6+ 24. d4 Bb7 25. Ra1 Bc6 26. Rb1 Rb8 27. c4
dxc4 28. bxc6 Qxb2 29. Rxb2 1-0

[Event "Autunno Scacchistico Magistrale"]
[Site "Venezia ITA"]
[Date "2006.11.05"]
[Round "5"]
[White "Rorato, Giovanni Riccardo"]
[Black "Grandesso, Emanuele"]
[Result "1-0"]
[WhiteElo "2039"]
[BlackElo "1967"]
[PlyCount "97"]
[EventDate "2006.11.03"]

1. d4 Nf6 2. c4 g6 3. Nc3 Bg7 4. e4 d6 5. f3 O-O 6. Be3 e5 7. Nge2 Nc6 8. Qd2
exd4 9. Nxd4 Ne5 10. Be2 c6 11. O-O Qe7 12. h3 Rd8 13. Rad1 Ned7 14. Nc2 Nf8
15. Qe1 Ne8 16. Qf2 f5 17. exf5 Bxf5 18. Nd4 Bd7 19. Rfe1 Ne6 20. Bf1 Qf7 21.
Rd2 Nf6 22. Red1 Bf8 23. b3 Be7 24. Nde2 Rf8 25. Ng3 Ne8 26. Nge4 Nf4 27. Bxa7
g5 28. Be3 h5 29. Nc5 Bc8 30. Nd3 Ng7 31. Ne4 d5 32. cxd5 cxd5 33. Nc3 Nge6 34.
Bxf4 gxf4 35. Nxd5 Bd6 36. Kh1 Ra5 37. Nb6 Rg5 38. Rc2 Bc7 39. Nxc8 Rxc8 40.
Nb4 Re8 41. Bc4 Kh8 42. Re2 Qg6 43. Nd5 Bb8 44. Qb6 Rg3 45. Nxf4 Bxf4 46. Rxe6
Rxe6 47. Qxe6 Rxg2 48. Rd8+ Kh7 49. Qxg6+ 1-0

[Event "Autunno Scacchistico Magistrale"]
[Site "Venezia ITA"]
[Date "2006.11.05"]
[Round "5"]
[White "Rorato, Renzo"]
[Black "Zanin, Dario"]
[Result "1-0"]
[WhiteElo "2100"]
[BlackElo "2059"]
[PlyCount "91"]
[EventDate "2006.11.03"]

1. Nf3 Nf6 2. c4 g6 3. Nc3 Bg7 4. e4 d6 5. d4 O-O 6. Be2 e5 7. O-O Nc6 8. d5
Ne7 9. Nd2 Nd7 10. b4 a5 11. bxa5 Rxa5 12. Nb3 Ra8 13. a4 f5 14. a5 Nf6 15. f3
f4 16. c5 g5 17. Ba3 Ng6 18. cxd6 cxd6 19. Na4 h5 20. Nb6 Rxa5 21. Nxc8 Rxa3
22. Rxa3 Qxc8 23. Ra4 g4 24. Rc4 Qd7 25. Nd2 Rf7 26. Kh1 Bf8 27. Qc2 Rg7 28.
Rc1 Ne8 29. Rb4 Nh4 30. Qc8 gxf3 31. Bxf3 Qf7 32. Qh3 Nxf3 33. Nxf3 Rg4 34. Ne1
Nf6 35. Nd3 Qg6 36. Nf2 Qg5 37. Nxg4 hxg4 38. Qc3 Qh4 39. Qc8 f3 40. gxf3 g3
41. Rc2 b5 42. Rg2 Nxd5 43. Qe6+ Kh8 44. Qxd5 Qh3 45. Rxb5 Be7 46. Rb8+ 1-0

[Event "XI Memorial Roberto Magari A"]
[Site "Siena ITA"]
[Date "2006.11.10"]
[Round "1"]
[White "Bagolin, Renzo"]
[Black "Buratti, Marco"]
[Result "1-0"]
[WhiteElo "1880"]
[BlackElo "2068"]
[PlyCount "45"]
[EventDate "2006.11.10"]

1. c4 e5 2. Nc3 Nf6 3. e4 Bc5 4. Be2 d6 5. Nf3 Nc6 6. d3 h6 7. a3 a5 8. O-O O-O
9. Be3 Nd4 10. Bxd4 Bxd4 11. Nxd4 exd4 12. Nb5 c6 13. Nxd4 Qb6 14. Nc2 Qxb2 15.
f4 Qb6+ 16. Kh1 Re8 17. Qb1 Qa7 18. Bf3 Rb8 19. a4 Nd7 20. d4 Nb6 21. Na3 d5
22. cxd5 cxd5 23. Nb5 1-0

[Event "XI Memorial Roberto Magari A"]
[Site "Siena ITA"]
[Date "2006.11.10"]
[Round "1"]
[White "Barbafiera, Luigi"]
[Black "Peric, Slavisa"]
[Result "0-1"]
[WhiteElo "1972"]
[BlackElo "2297"]
[PlyCount "104"]
[EventDate "2006.11.10"]

1. d4 d5 2. c4 dxc4 3. Nc3 a6 4. a4 e6 5. e3 Nf6 6. Bxc4 c5 7. Nf3 Nc6 8. O-O
Be7 9. d5 exd5 10. Nxd5 Nxd5 11. Bxd5 Nb4 12. Bc4 Qxd1 13. Rxd1 Bf6 14. Ne1 Bf5
15. f3 Ke7 16. e4 Be6 17. Bxe6 Kxe6 18. Be3 Rac8 19. Rab1 c4 20. f4 Rhd8 21. e5
Be7 22. Nf3 Nc6 23. g4 g6 24. Bb6 Rxd1+ 25. Rxd1 f6 26. exf6 Bxf6 27. Rd2 Nb4
28. Bd4 Nd3 29. Re2+ Kf7 30. Ne5+ Bxe5 31. Bxe5 b5 32. axb5 axb5 33. Kg2 Re8
34. Kf3 g5 35. Re4 gxf4 36. Bd4 Rxe4 37. Kxe4 Kg6 38. h4 h5 39. g5 b4 40. Bh8
Kf7 41. Bd4 b3 42. Bc3 Nf2+ 43. Kd4 f3 44. Kxc4 Nd1 45. Be1 Nxb2+ 46. Kxb3 Nd3
47. Bg3 f2 48. Bxf2 Nxf2 49. Kc4 Ke6 50. Kd4 Kf5 51. Ke3 Ng4+ 52. Kf3 Ne5+ 0-1

[Event "XI Memorial Roberto Magari A"]
[Site "Siena ITA"]
[Date "2006.11.10"]
[Round "1"]
[White "Bini, Lorenzo"]
[Black "Garofalo, Sergio"]
[Result "0-1"]
[WhiteElo "2028"]
[BlackElo "1815"]
[PlyCount "78"]
[EventDate "2006.11.10"]

1. f4 e5 2. d3 exf4 3. Bxf4 Qf6 4. Qc1 Na6 5. Nf3 d6 6. Nc3 h6 7. e4 Nb4 8. Be3
Qd8 9. Be2 Nf6 10. O-O Be7 11. Nd4 Bg4 12. Nf5 Bf8 13. h3 Bxe2 14. Nxe2 Qd7 15.
Bd4 O-O-O 16. a3 Nc6 17. Bc3 d5 18. e5 Nh7 19. d4 f6 20. Nh4 Ng5 21. Qf4 fxe5
22. dxe5 Bc5+ 23. Kh1 Rhf8 24. Qg4 Qxg4 25. hxg4 d4 26. b4 dxc3 27. bxc5 Nxe5
28. Nxc3 Nxg4 29. Ng6 Rfe8 30. Nf4 Rd2 31. Ncd5 Rxc2 32. Rae1 Ne4 33. Kg1 c6
34. Nb4 Rxc5 35. Nbd3 Rc3 36. a4 g5 37. Nf2 Ngxf2 38. Rxf2 gxf4 39. Rxf4 Nd6
0-1

[Event "XI Memorial Roberto Magari A"]
[Site "Siena ITA"]
[Date "2006.11.10"]
[Round "1"]
[White "Carola, Paolo"]
[Black "Efimov, Igor"]
[Result "0-1"]
[WhiteElo "1999"]
[BlackElo "2412"]
[PlyCount "58"]
[EventDate "2006.11.10"]

1. e4 c5 2. Nc3 e6 3. g3 d5 4. exd5 exd5 5. d4 cxd4 6. Qxd4 Nf6 7. Bg2 Nc6 8.
Qa4 Bb4 9. Bd2 Qe7+ 10. Nge2 Bd7 11. Qb5 Ne5 12. Qxb7 O-O 13. O-O-O Rab8 14.
Nxd5 Nxd5 15. Qxd5 Bc6 16. Bxb4 Rxb4 17. Qd6 Qxd6 18. Rxd6 Bxg2 19. Rg1 Bf3 20.
Nd4 Bg4 21. Rd5 Re8 22. c3 Rb7 23. Kc2 Nf3 24. Nxf3 Bxf3 25. Rd2 g5 26. g4 Re4
27. h3 Ra4 28. a3 Be4+ 29. Kd1 Rxa3 0-1

[Event "XI Memorial Roberto Magari A"]
[Site "Siena ITA"]
[Date "2006.11.10"]
[Round "1"]
[White "Cocuzzi, Edoardo"]
[Black "Ambrosanio, Raffaele"]
[Result "1-0"]
[WhiteElo "1782"]
[BlackElo "2020"]
[PlyCount "41"]
[EventDate "2006.11.10"]

1. e4 d6 2. d4 Nf6 3. Nc3 g6 4. Be3 c6 5. Be2 Bg7 6. h3 Nbd7 7. Qd2 b5 8. a3
Bb7 9. f4 a5 10. f5 Nh5 11. Bxh5 gxh5 12. Qe2 b4 13. axb4 axb4 14. Rxa8 Qxa8
15. Nd1 c5 16. d5 O-O 17. Qxh5 e6 18. fxe6 fxe6 19. Nf3 exd5 20. Ng5 dxe4 21.
Qxh7# 1-0